Zwycięzcy Grand Prix F1 w XXI w. - Statystyki

Ogólne statystyki
  • Ten quiz został rozwiązany 254 razy
  • Średni wynik to 22 z 28
Statystyki odpowiedzi
Lata Kierowca Zespół/
Zespoły
Ilość
Wygranych
% Poprawnych
2003-13 Fernando Alonso Renault, McLaren,Ferrari 32
97%
2007-21 Lewis Hamilton McLaren, Mercedes 103
97%
2016-22 Max Verstappen Red Bull 35
97%
2001-06 Michael Schumacher Ferrari 47
96%
2001-03 Ralf Schumacher Williams 6
96%
2008 Robert Kubica BMW 1
95%
2008-19 Sebastian Vettel Toro Rosso, Red Bull, Ferrari 53
94%
2019-22 Charles Leclerc Ferrari 5
89%
2020-22 Sergio Perez Racing Point, Red Bull 4
89%
2022 Carlos Sainz Ferrari 1
88%
2003-18 Kimi Räikkönen McLaren, Ferrari, Lotus 21
88%
2012-16 Nico Rosberg Mercedes 23
86%
2017-21 Valtteri Bottas Mercedes 10
86%
2021 Esteban Ocon Alpine 1
84%
2006-12 Jenson Button Honda, Brawn GP, McLaren 15
84%
2020 Pierre Gasly Alpha Tauri 1
84%
2006-08 Felipe Massa Ferrari 11
83%
2022 George Russell Mercedes 1
83%
2009-12 Mark Webber Red Bull 9
82%
2014-21 Daniel Ricciardo Red Bull, McLaren 8
77%
2001 Mika Häkkinen McLaren 2
65%
2002-09 Rubens Barrichello Ferrari, Brawn GP 10
65%
2012 Pastor Maldonado Williams 1
59%
2008 Heikki Kovalainen McLaren 1
53%
2001-05 Juan Pablo Montoya Williams,McLaren 7
51%
2001-03 David Coulthard McLaren 4
49%
2004 Jarno Trulli Renault 1
42%
2003-06 Giancarlo Fisichella Jordan, Renault 3
41%
Nie znaleziono quizów pasujących do podanych kryteriów
Rozkład punktacji
Procent ludzi z każdym wynikiem
Percentyl według liczby udzielonych odpowiedzi
Twoja historia wyników
Nie rozwiązałeś tego quizu